000 00470cam a2200181ua 4500
003 OSt
008 241226b |||||||| |||| 00| 0 eng d
041 _aeng
082 _a621.371
_bRAN/IN
100 _aRangan, C.S .
_96614
245 _aInstrumentation devices and systems /
250 _a1 /
260 _a :
_bTata Mc-Graw Hill Publishing Company ,
_c1985.
300 _a529 ; .
700 1 _aMani, V S V .
_96615
700 1 _aSarma, G.R .
_96616
942 _cBK
999 _c1370
_d1370